| 000 | 00000nam 2200000zi 4500 |
| 001 | 9.940590 |
| 003 | CaOODSP |
| 005 | 20241129092501 |
| 006 | m o d f |
| 007 | cr mn||||||||| |
| 008 | 240715s1975 onc or f000 0 eng d |
| 040 | |aCaOODSP|beng|erda|cCaOODSP |
| 043 | |an-cn--- |
| 086 | 1 |aId31-110/1975E-PDF |
| 245 | 00|aCanadian hospital and medical equipment. |
| 264 | 1|aOttawa, Canada : |bDepartment of Industry, Trade and Commerce = Ministère de l'industrie et du commerce, |c1975. |
| 300 | |a1 online resource (44 pages) : |billustrations |
| 336 | |atext|btxt|2rdacontent |
| 337 | |acomputer|bc|2rdamedia |
| 338 | |aonline resource|bcr|2rdacarrier |
| 500 | |a"Contract no. 04KT67002-5-108-8045, Thorn Press Limited"--Page [2]. |
| 500 | |aDigitized edition from print [produced by Innovation, Science and Economic Development Canada]. |
| 650 | 0|aMedical instruments and apparatus industry|zCanada|vDirectories. |
| 650 | 0|aMedical supplies industry|zCanada|vDirectories. |
| 650 | 6|aMédecine|xAppareils et instruments|xIndustrie|zCanada|vRépertoires. |
| 650 | 6|aMatériel médical|xIndustrie|zCanada|vRépertoires. |
| 655 | 7|aDirectories|2lcgft |
| 655 | 7|aRépertoires|2rvmgf |
| 710 | 1 |aCanada. |bDepartment of Industry, Trade and Commerce, |eissuing body. |
| 856 | 40|qPDF|s3.20 MB|uhttps://publications.gc.ca/collections/collection_2024/isde-ised/Id31-110-1975-eng.pdf |